|
|
|
|
| LEADER |
00000nab a2200000 a 4500 |
| 001 |
vtls010723122 |
| 003 |
SK-MaSNL |
| 005 |
20260304185657.0 |
| 008 |
250709s1972 xo |||||||||||||||||slo| |
| 035 |
|
|
|a (urnnbn)urn:nbn:sk:snk:ar-a04tjs
|
| 035 |
|
|
|a (uuid)2433f5db-614b-41e2-9a94-5e4b5575fcb0
|
| 035 |
|
|
|a urn:nbn:sk:snk-ab3nkt
|
| 040 |
|
|
|a SNKBUCL
|b slo
|c SNKBUCL
|e AACR2
|
| 041 |
0 |
|
|a cze
|
| 044 |
|
|
|a xo
|c SK
|
| 100 |
1 |
|
|a Vocel, Jan
|4 aut
|9 1224012
|
| 245 |
1 |
0 |
|a VLIV MEZIFÁZOVÉHO ODPORU NA ABSORPCI KYSLÍKU VOLNOU HLADINOU
|c Jan Vocel
|
| 773 |
0 |
|
|t Vodohospodársky časopis : časopis pre hydrológiu a hydromechaniku
|g Roč. 20, č. 2 (1972), s. 166-191
|
| 850 |
|
|
|a Slovenská národná knižnica
|
| 852 |
|
|
|a Slovenská národná knižnica
|
| 958 |
|
|
|a article1
|
| 958 |
|
|
|a OND
|
| 958 |
|
|
|a EUIPO
|
| 999 |
|
|
|c 3045331
|d 3047261
|